Statistics for Mobile Legends Character Quiz

Click here to take the quiz!

General Stats

  • This quiz has been taken 196 times
  • The average score is 56 of 106

Answer Stats

RoleAnswer% Correct
MarksmanMiya
84%
MarksmanLayla
83%
TankTigreal
83%
Fighter/AssassinZilong
79%
Mage/SupportNana
76%
Mage/TankAlice
73%
SupportAngela
73%
AssassinGusion
73%
AssassinLancelot
71%
Marksman/AssassinLesley
70%
Fighter/AssassinAlucard
69%
SupportEstes
69%
FighterBalmond
68%
TankFranco
68%
TankAkai
65%
MarksmanHanabi
65%
AssassinLing
65%
MageVale
65%
FighterChou
64%
MarksmanClaude
63%
Mage/TankEsmeralda
63%
AssassinFanny
63%
AssassinHayabusa
63%
AssassinKarina
63%
Mage/AssassinHarley
62%
Fighter/TankHilda
62%
MageKagura
61%
SupportRafaela
61%
MarksmanBruno
60%
MarksmanClint
60%
MageEudora
60%
Assassin/MageSelena
59%
MageValir
59%
MageChang'e
58%
Tank/SupportLolita
58%
MarksmanWanwan
58%
FighterAlpha
57%
TankAtlas
57%
MageHarith
57%
MageVexana
57%
TankJohnson
56%
MageOdette
56%
AssassinHanzo
55%
Mage/AssassinKadita
55%
FighterArgus
54%
MageCecilion
54%
SupportDiggie
54%
MarksmanGranger
54%
Marksman/MageKimmy
54%
TankBelerick
53%
AssassinSaber
53%
MageAurora
52%
FighterBadang
51%
MarksmanBeatrix
51%
Mage/SupportFaramis
51%
FighterAldous
50%
MageGord
50%
TankKhufra
50%
MageLylia
50%
FighterYu Zhong
50%
MageCyclops
49%
TankGrock
49%
MageLunox
49%
FighterMartis
49%
Tank/SupportMinotaur
49%
Fighter/TankRuby
49%
FighterSun
49%
SupportCarmilla
48%
MarksmanIrithel
48%
Fighter/MarksmanRoger
47%
MarksmanKarrie
46%
MarksmanMoskov
46%
AssassinNatalia
46%
MageZhask
46%
AssassinHelcurt
45%
FighterBane
44%
TankBaxia
44%
FighterDyrroth
44%
Tank/FighterGatotkaca
44%
FighterLapu-Lapu
44%
FighterLeomord
44%
MagePharsa
44%
TankGloo
43%
FighterGuinevere
43%
TankUranus
43%
FighterFreya
42%
MageLuo Yi
42%
Marksman/AssassinYi Sun Shin
41%
MarksmanBrody
40%
FighterPaquito
40%
MageYve
40%
TankHylos
39%
Support/AssassinMathilda
39%
FighterX.Borg
39%
Fighter/SupportKaja
38%
FighterThamuz
37%
FighterSilvanna
36%
MarksmanPopol and Kupa
35%
FighterTerizla
35%
AssassinBenedetta
34%
FighterMasha
34%
FighterJawhead
33%
FighterMinsitthar
33%
Tank/FighterBarats
32%
FighterKhaleed
32%
FighterPhoveus
18%

Score Distribution

Percentile by Number Answered

Percent of People with Each Score

Your Score History

You have not taken this quiz